00878 a2200193 4500003000500000005001700005010001700022020001500039040000900054082001600063100002200079245004300101250000800144260002900152300003400181505040800215650003800623650002300661Nust20231002102952.0 a 77026752  a0471029777 cNust00a621.382,HAY1 aHaykin, Simon S.,10aCommunication systems /cSimon Haykin. a4th aNew York :bWiley,c2001 axvi, 620 p. :bill. ;c24 cm. aBackground and Preview (Page-1), Random Processes (Page-31), Ontinuous-Wave Modulation (Page-88), Pulse Modulation (Page183), Baseband Pulse Transmission (Page-247), Signal-Space Analysis (Page-309), Passband Digital Transmission (Page-247), Spread-Spectrum Modulation (Page-479), Multiuser Radio Communications (Page-512), Fundamental Limits in Information (Page-567), Error-Control Coding (Page-626). 0aSignal theory (Telecommunication) 0aTelecommunication.